00422 2200157 4500001002100000008004100021035002000062245004600082100001900128260004400147020002200191084001400213082000800227650001600235990001300251INLIS000000000001160 ind  a0010-0120001160 aCathy HapkinsbZodiac GirlcBrat Princess aPrincess, Brat aJakarta :bElex Media Komputindo,c2013 a978-602-02-1961-5 a813 PRI c a813 aNovel Fiksi a11900704